00482nam a22001697a 450000500170000001000140001702000100003103500130004103700130005408200080006710000180007524500860009326000440017927000440022330000250026765000200029220100811140617.0 aENG-99644 c220.0 aEN-83176 bDBAD/PUB a230 aSharma, O. P. aGita - in action :bindian insight into the management of self /cby O. P. Sharma aNew Delhi bUniversity Book Housec2001 a1193, Pankha Road, bNew Delhi e110058 aiv, 182p.c22cm (Hb) aSelf management